ワールドシリーズ優勝時(2025)のドジャースメンバー - Statistics

General Stats
  • This quiz has been taken 125 times
  • The average score is 15 of 26
Answer Stats
# 選手 Player ポジション % Correct
17 大谷翔平 Shohei Ohtani 二刀流
99%
18 山本由伸 Yoshinobu Yamamoto 投手
97%
11 佐々木朗希 Roki Sasaki 投手
93%
50 ムーキー・ベッツ Mookie Betts 内野手
91%
5 フレディ・フリーマン Freddie Freeman 内野手
90%
8 キケ・ヘルナンデス Enrique Hernández 内野手
90%
16 ウィル・スミス Will Smith 捕手
82%
7 ブレーク・スネル Blake Snell 投手
75%
37 テオスカー・ヘルナンデス Teoscar Hernández 外野手
72%
31 タイラー・グラスノー Tyler Glasnow 投手
72%
13 マックス・マンシー Max Muncy 内野手
69%
72 ミゲル・ロハス Miguel Rojas 内野手
66%
22 クレイトン・カーショー Clayton Kershaw 投手
66%
6 キム・ヘソン Hyeseong Kim 内野手
61%
44 アンディ・パヘス Andy Pages 外野手
61%
25 トミー・エドマン Tommy Edman 外野手
54%
49 ブレーク・トライネン Blake Treinen 投手
53%
43 アンソニー・バンダ Anthony Banda 投手
44%
61 ウィル・クライン Will Klein 投手
39%
80 エメ・シーハン Emmet Sheehan 投手
31%
47 ベン・ロートベット Ben Rortvedt 捕手
28%
12 アレックス・コール Alex Call 外野手
26%
75 ジャスティン・ディーン Justin Dean 外野手
23%
70 ジャスティン・ロブレスキ Justin Wrobleski 投手
22%
86 ジャック・ドレーヤー Jack Dreyer 投手
20%
60 エドガルド・エンリケス Edgardo Henriquez 投手
13%
No matching quizzes found
Score Distribution
Percent of People with Each Score
Percentile by Number Answered
Your Score History
You have not taken this quiz